000
00182 a2200097 4500
020
_a
9781933693101
041
_a
spa
100
_a
Xavier Garza
245
_a
Lucha libre
942
_c
BK
999
_c
11749
_d
11749